[Event "Chip 2004 Open Fide"]
[Site "?"]
[Date "????.??.??"]
[Round "5"]
[White "Douriet, A."]
[Black "Borzakian, M."]
[Result "1-0"]
[WhiteElo "2277"]
[BlackElo "2200"]
[PlyCount "123"]
[SourceDate "2004.07.04"]

1. d4 g6 2. Nf3 Bg7 3. e4 d6 4. c4 Nf6 5. Nc3 O-O 6. Be2 e5 7. d5 a5 8. h3 Na6
9. Nh2 Nc5 10. Bf3 Nfd7 11. g4 f5 12. h4 fxe4 13. Nxe4 Nxe4 14. Bxe4 Qxh4 15.
Be3 Nc5 16. Qc2 Nxe4 17. Qxe4 Bf5 18. Qg2 Bd7 19. O-O-O e4 20. g5 Qh3 21. Qg1
Rf7 22. Nf1 Qg4 23. Nd2 Be5 24. Qxg4 Bxg4 25. Rdg1 Bf3 26. Rh4 Raf8 27. Nxe4
Bxe4 28. Rxe4 Bf4 29. Kc2 Bxe3 30. fxe3 Rf2+ 31. Kc3 R8f7 32. Re8+ Kg7 33. Rg4
b6 34. a3 Rf1 35. b4 axb4+ 36. axb4 h6 37. gxh6+ Kxh6 38. Rh8+ Kg7 39. Re8 Rf8
40. Rxf8 Rxf8 41. c5 bxc5 42. bxc5 dxc5 43. Kc4 Re8 44. e4 Re7 45. Kxc5 Kh6 46.
Kd4 Kh5 47. Rg1 g5 48. e5 g4 49. e6 c6 50. Ke5 cxd5 51. Kf5 Kh6 52. Kf6 Rxe6+
53. Kxe6 Kg5 54. Ke5 d4 55. Kxd4 Kf4 56. Rf1+ Kg3 57. Ke3 Kg2 58. Rf2+ Kg1 59.
Rf4 g3 60. Rg4 g2 61. Kf3 Kh1 62. Kf2 1-0

[Event "Chip 2004 Open Fide"]
[Site "?"]
[Date "????.??.??"]
[Round "5"]
[White "Apicella, M."]
[Black "Ionescu, D."]
[Result "1-0"]
[WhiteElo "2532"]
[BlackElo "2395"]
[PlyCount "77"]
[SourceDate "2004.07.04"]

1. e4 c5 2. Nf3 g6 3. d4 Bg7 4. Nc3 cxd4 5. Nxd4 Nc6 6. Be3 Nf6 7. Bc4 O-O 8.
Bb3 Qa5 9. O-O d6 10. f3 Bd7 11. Nde2 Rfc8 12. Nf4 Qd8 13. Qe2 Ne5 14. Rad1 Qe8
15. g4 Rxc3 16. bxc3 Bb5 17. c4 Ba6 18. Bd4 Nfd7 19. Nd5 Rc8 20. Nb4 Bxc4 21.
Bxc4 Rxc4 22. c3 Rc8 23. f4 Nc6 24. Bxg7 Kxg7 25. g5 Qd8 26. Nd5 Qa5 27. Kh1 e6
28. Nf6 Nxf6 29. gxf6+ Kxf6 30. f5 exf5 31. exf5 Kg7 32. Rxd6 Qc5 33. Qd2 Kg8
34. f6 Qh5 35. Rd7 Qh3 36. Qd3 Qg4 37. Qd5 Rf8 38. Re1 Qh4 39. Qxf7+ 1-0

[Event "Chip 2004 Open Fide"]
[Site "?"]
[Date "????.??.??"]
[Round "5"]
[White "Golubev, M."]
[Black "Pile, R."]
[Result "1-0"]
[WhiteElo "2531"]
[BlackElo "2268"]
[PlyCount "69"]
[SourceDate "2004.07.04"]

1. e4 c5 2. Nf3 e6 3. d4 cxd4 4. Nxd4 Nc6 5. Nc3 Qc7 6. Be3 a6 7. Bd3 Nf6 8.
O-O Nxd4 9. Bxd4 Bc5 10. Bxc5 Qxc5 11. Qd2 O-O 12. Rae1 d6 13. Kh1 e5 14. f4 b5
15. a4 bxa4 16. Nxa4 Qd4 17. b4 Nd7 18. c3 Qa7 19. Bc2 Nb6 20. f5 Nc4 21. Qd3
Qc7 22. Bb3 Bd7 23. f6 gxf6 24. Bxc4 Bxa4 25. Bxa6 Bc2 26. Qxc2 Rxa6 27. Rxf6
Qc4 28. Qd2 Rfa8 29. h3 Ra1 30. Rxa1 Rxa1+ 31. Kh2 Qxe4 32. Rxd6 Qf5 33. Qh6
Ra8 34. Rf6 Qe4 35. Rf3 1-0

[Event "Chip 2004 Open Fide"]
[Site "?"]
[Date "????.??.??"]
[Round "5"]
[White "Renaudin, M."]
[Black "Shchekachev, A."]
[Result "0-1"]
[WhiteElo "2205"]
[BlackElo "2570"]
[PlyCount "52"]
[SourceDate "2004.07.04"]

1. Nf3 Nf6 2. c4 b6 3. g3 c5 4. Bg2 Bb7 5. O-O g6 6. Nc3 Bg7 7. d3 O-O 8. Bd2
Nc6 9. Qc1 d5 10. cxd5 Nxd5 11. Bh6 e5 12. Re1 Rc8 13. Nxd5 Qxd5 14. Ng5 Qd8
15. Ne4 Qd7 16. h4 f6 17. Bxg7 Kxg7 18. Qc3 h6 19. Rad1 Rfd8 20. Nd2 Nd4 21.
Bxb7 Qxb7 22. Nb3 g5 23. hxg5 hxg5 24. f3 Rh8 25. Kg2 Nxf3 26. exf3 Rh2+ 0-1

[Event "Chip 2004 Open Fide"]
[Site "?"]
[Date "????.??.??"]
[Round "5"]
[White "Toulzac, P."]
[Black "Romanishin, O."]
[Result "1/2-1/2"]
[WhiteElo "2297"]
[BlackElo "2541"]
[PlyCount "50"]
[SourceDate "2004.07.04"]

1. d4 Nf6 2. Bg5 d5 3. Bxf6 exf6 4. e3 Be6 5. g3 c6 6. Bg2 Bd6 7. Ne2 Qc8 8.
Nd2 Bh3 9. Bf3 O-O 10. Ng1 Be6 11. Ne2 Nd7 12. O-O f5 13. a4 Nf6 14. c4 dxc4
15. Qc2 Bd5 16. Nxc4 Bxf3 17. Nxd6 Qd7 18. Nc4 Be4 19. Qb3 Rad8 20. Rfc1 Qe7
21. Qa3 Qc7 22. b4 Qd7 23. Ne5 Qe8 24. Nc3 Nd5 25. Nxe4 fxe4 1/2-1/2

[Event "Chip 2004 Open Fide"]
[Site "?"]
[Date "????.??.??"]
[Round "5"]
[White "Sandipan, C."]
[Black "Bergez, L."]
[Result "1-0"]
[WhiteElo "2555"]
[BlackElo "2376"]
[PlyCount "91"]
[SourceDate "2004.07.04"]

1. d4 d5 2. c4 e6 3. Nf3 Nf6 4. Nc3 Nbd7 5. Bf4 Bd6 6. Bxd6 cxd6 7. cxd5 Nxd5
8. Nxd5 exd5 9. g3 Qa5+ 10. Qd2 Qxd2+ 11. Nxd2 Nb6 12. Bg2 Bf5 13. Nf1 Kd7 14.
Ne3 Be6 15. b3 a5 16. a4 f5 17. Rc1 Rhf8 18. f4 g6 19. Kd2 Bf7 20. Rc2 Rfc8 21.
Rxc8 Rxc8 22. h3 Rf8 23. g4 Be6 24. gxf5 gxf5 25. h4 Rg8 26. Bf3 Ke7 27. Rc1
Kd7 28. Rh1 Ke7 29. Rh2 Kd7 30. Rg2 Rg6 31. h5 Rxg2 32. Bxg2 Nc8 33. Nxd5 Ne7
34. Nf6+ Kc7 35. Kc3 h6 36. d5 Bf7 37. e4 fxe4 38. Bxe4 Ng8 39. Nxg8 Bxg8 40.
Kc4 Kd8 41. Kb5 Bf7 42. Bf3 Ke7 43. Kxa5 Kf6 44. Kb6 Kf5 45. Kxb7 Kxf4 46. Bh1
1-0

[Event "Chip 2004 Open Fide"]
[Site "?"]
[Date "????.??.??"]
[Round "5"]
[White "Lamorelle, Y."]
[Black "Ferry, R."]
[Result "1-0"]
[WhiteElo "2255"]
[BlackElo "2185"]
[PlyCount "67"]
[SourceDate "2004.07.04"]

1. e4 e6 2. d4 d5 3. e5 c5 4. c3 Qb6 5. Nf3 Nc6 6. Be2 Bd7 7. O-O Nh6 8. dxc5
Bxc5 9. b4 Be7 10. b5 Na5 11. a4 O-O 12. c4 Rad8 13. cxd5 exd5 14. Nc3 Be6 15.
Be3 Bc5 16. Bxc5 Qxc5 17. Rc1 Qb6 18. Bd3 d4 19. Ne4 Bf5 20. Nd6 Bxd3 21. Qxd3
f6 22. Qe4 Nf7 23. Nxf7 Rxf7 24. e6 Re7 25. Nxd4 g6 26. Rfd1 Qd6 27. h4 Qe5 28.
Qe3 Rd5 29. Rc8+ Kg7 30. Qa3 Rxd4 31. Qxe7+ Kh6 32. Rxd4 Qxd4 33. Qf8+ Kh5 34.
Qc5+ 1-0

[Event "Chip 2004 Open Fide"]
[Site "?"]
[Date "????.??.??"]
[Round "5"]
[White "Rey, F."]
[Black "Guillon"]
[Result "0-1"]
[WhiteElo "2202"]
[BlackElo "2212"]
[PlyCount "91"]
[SourceDate "2004.07.04"]

1. e4 c5 2. c3 Nf6 3. e5 Nd5 4. Nf3 b6 5. Bc4 Bb7 6. O-O e6 7. d4 cxd4 8. cxd4
Be7 9. Nc3 Nxc3 10. bxc3 Qc7 11. Qd3 Nc6 12. Bb3 Na5 13. Bc2 Rc8 14. Bd2 Nc4
15. Be1 Qc6 16. Kh1 Bg5 17. d5 exd5 18. Nxg5 d4 19. Qg3 dxc3 20. Be4 Qc7 21.
Bxb7 Qxb7 22. Bxc3 Rc6 23. Qf3 O-O 24. Rfe1 h6 25. Ne4 Qc7 26. Nd2 Na3 27. Bb4
Nc2 28. Bxf8 Nxe1 29. Rxe1 Kxf8 30. Qa3+ Kg8 31. Nf3 Rc2 32. Kg1 Qc4 33. Qxa7
Qc5 34. Qa8+ Kh7 35. Qe4+ g6 36. Qd4 Rxa2 37. Qxc5 bxc5 38. g3 Ra7 39. Nd2 Kg7
40. Ne4 c4 41. Rc1 Ra5 42. f4 d5 43. exd6 f5 44. Rd1 Ra8 45. d7 Rd8 46. Nc5 0-1

[Event "Chip 2004 Open Fide"]
[Site "?"]
[Date "????.??.??"]
[Round "5"]
[White "Houhou, O."]
[Black "Sanchez, J."]
[Result "0-1"]
[WhiteElo "2259"]
[BlackElo "2453"]
[PlyCount "66"]
[SourceDate "2004.07.04"]

1. e4 c5 2. c3 b6 3. d4 Bb7 4. Bd3 Nf6 5. Nd2 cxd4 6. cxd4 Nc6 7. Ne2 g6 8. O-O
Bg7 9. a3 O-O 10. f4 e6 11. e5 Ne8 12. Ne4 d6 13. Be3 f6 14. Qb3 Qe7 15. exd6
Nxd6 16. Nxd6 Qxd6 17. f5 gxf5 18. Bxf5 Rae8 19. Bd3 f5 20. Rad1 Kh8 21. Bc2
Na5 22. Qa4 Rg8 23. d5 exd5 24. Rd3 Ba6 25. Rf3 Bxd3 26. Bxd3 Nc4 27. Bxc4 Rxe3
28. Rxe3 Qc5 29. Bxd5 Qxe3+ 30. Kf1 Rd8 31. Qc6 Bxb2 32. Qb7 Qc5 33. Nf4 Qc1+
0-1

[Event "Chip 2004 Open Fide"]
[Site "?"]
[Date "????.??.??"]
[Round "5"]
[White "Glicenstein, A."]
[Black "Mendeiros, J."]
[Result "0-1"]
[WhiteElo "2332"]
[BlackElo "2227"]
[PlyCount "28"]
[SourceDate "2004.07.04"]

1. Nf3 Nf6 2. c4 g6 3. Nc3 d5 4. cxd5 Nxd5 5. h4 h6 6. e4 Nxc3 7. bxc3 Bg7 8.
d4 c5 9. Rb1 O-O 10. h5 g5 11. e5 Nc6 12. Bxg5 cxd4 13. Qc1 dxc3 14. Bxh6 c2
0-1

[Event "Chip 2004 Open Fide"]
[Site "?"]
[Date "????.??.??"]
[Round "5"]
[White "Goldsztejn, G."]
[Black "Guyard, B."]
[Result "1-0"]
[WhiteElo "2303"]
[BlackElo "2232"]
[PlyCount "65"]
[SourceDate "2004.07.04"]

1. d4 Nf6 2. c4 g6 3. Nc3 Bg7 4. e4 O-O 5. Nf3 d6 6. Be2 c5 7. d5 e6 8. dxe6
Bxe6 9. O-O Nc6 10. Bg5 h6 11. Bf4 Qb6 12. Bxd6 Rfd8 13. Na4 Qa5 14. Nxc5 Bc8
15. Nb3 Qa4 16. e5 Ne4 17. Nbd4 Qa5 18. Nxc6 bxc6 19. Bb4 Qc7 20. Qa4 a5 21.
Rad1 Re8 22. Bd3 Bf5 23. Bd6 Qb7 24. c5 Nxd6 25. exd6 Bd7 26. b3 Qa7 27. Qc4
Be6 28. Qc2 Bd5 29. Rfe1 Bxf3 30. gxf3 Qd7 31. Kg2 Be5 32. Qc4 Re6 33. f4 1-0

[Event "Chip 2004 Open Fide"]
[Site "?"]
[Date "????.??.??"]
[Round "5"]
[White "Salaun, Y."]
[Black "Verdier, P."]
[Result "1-0"]
[WhiteElo "2336"]
[BlackElo "2261"]
[PlyCount "57"]
[SourceDate "2004.07.04"]

1. e4 g6 2. d4 Bg7 3. Nc3 d6 4. Be3 a6 5. Qd2 b5 6. Bd3 Nd7 7. Nf3 Bb7 8. O-O
c5 9. a4 b4 10. Ne2 Ngf6 11. e5 Nd5 12. Bh6 O-O 13. exd6 exd6 14. Bxg7 Kxg7 15.
Rfd1 Rc8 16. dxc5 dxc5 17. Nf4 Nxf4 18. Qxf4 Qf6 19. Qxf6+ Nxf6 20. Ne5 Rfe8
21. Nc4 Rcd8 22. Bf1 Be4 23. Nd6 Re6 24. Nf5+ Bxf5 25. Rxd8 Bxc2 26. Bc4 Re4
27. Bxa6 Rd4 28. Rxd4 cxd4 29. Bb7 1-0

[Event "Chip 2004 Open Fide"]
[Site "?"]
[Date "????.??.??"]
[Round "5"]
[White "Chomet, P."]
[Black "Bitalzadeh, A."]
[Result "0-1"]
[WhiteElo "2370"]
[BlackElo "2291"]
[PlyCount "66"]
[SourceDate "2004.07.04"]

1. e4 c5 2. Nf3 d6 3. d4 cxd4 4. Nxd4 Nf6 5. Nc3 Nc6 6. Be2 g6 7. Nb3 Bg7 8.
O-O O-O 9. Bg5 a6 10. f4 b5 11. a3 Bb7 12. Kh1 Re8 13. Bf3 h6 14. Bh4 e5 15. f5
g5 16. Bf2 Ne7 17. Qe2 Qc7 18. Rad1 Rad8 19. h4 d5 20. hxg5 hxg5 21. exd5 Nexd5
22. Nxd5 Bxd5 23. Bxd5 Rxd5 24. Rxd5 Nxd5 25. Bc5 e4 26. Qg4 Bf6 27. Re1 Qf4
28. Qxf4 gxf4 29. c3 e3 30. Kh2 Bh4 31. Re2 Kg7 32. Bd4+ Nf6 33. g4 f3 0-1

[Event "Chip 2004 Open Fide"]
[Site "?"]
[Date "????.??.??"]
[Round "5"]
[White "Landa, K."]
[Black "Mahesh Chandran, P."]
[Result "1-0"]
[WhiteElo "2550"]
[BlackElo "2441"]
[PlyCount "89"]
[SourceDate "2004.07.04"]

1. e4 e5 2. Nf3 Nf6 3. d4 Nxe4 4. Bd3 d5 5. Nxe5 Nd7 6. Nxd7 Bxd7 7. O-O Bd6 8.
c4 c6 9. Nc3 O-O 10. cxd5 cxd5 11. Nxd5 Qh4 12. g3 Nxg3 13. fxg3 Bxg3 14. Qc2
Bxh2+ 15. Qxh2 Qxd4+ 16. Rf2 Qxd3 17. Ne7+ Kh8 18. Bd2 f6 19. Re1 Rf7 20. Bc3
h6 21. Rd2 Qc4 22. Qd6 Be8 23. a3 Kh7 24. Rg2 Bb5 25. Qb4 Re8 26. Qxc4 Bxc4 27.
Bb4 a5 28. Bd6 f5 29. Rd2 a4 30. Bb4 f4 31. Kf2 g5 32. Kf3 Rf6 33. Rd7 Rf7 34.
Rd2 b5 35. Bc5 Rg7 36. Kg4 h5+ 37. Kxh5 g4 38. Kh4 g3 39. Re5 Bf7 40. Rg2 Rd8
41. Rf5 Rd1 42. Bg1 Rd6 43. Rg5 Rh6+ 44. Kg4 Rxg5+ 45. Kxg5 1-0

[Event "Chip 2004 Open Fide"]
[Site "?"]
[Date "????.??.??"]
[Round "5"]
[White "Payen, A."]
[Black "De Pierrefeu, T."]
[Result "1-0"]
[WhiteElo "2400"]
[BlackElo "2198"]
[PlyCount "89"]
[SourceDate "2004.07.04"]

1. d4 Nf6 2. Nf3 c5 3. e3 g6 4. dxc5 Qa5+ 5. Nbd2 Bg7 6. a3 Qxc5 7. c4 O-O 8.
b4 Qc7 9. Bb2 b6 10. Be2 Bb7 11. O-O d6 12. Qb3 Nbd7 13. Rfc1 Rac8 14. Bc3 h6
15. Qb2 e5 16. Ne1 g5 17. Bd3 e4 18. Be2 Rce8 19. Rab1 Ba8 20. Nb3 Ne5 21. Nd4
Qd7 22. Rd1 a6 23. c5 bxc5 24. bxc5 Nd5 25. cxd6 Nxc3 26. Qxc3 Qxd6 27. Qa5 Qg6
28. Rb6 f6 29. Rxa6 g4 30. Ne6 Rxe6 31. Rxe6 Qf5 32. Ra6 Bb7 33. Ra7 Bc6 34.
Rd8 Rxd8 35. Qxd8+ Kh7 36. a4 h5 37. a5 h4 38. Re7 g3 39. hxg3 hxg3 40. fxg3
Qg5 41. Qd6 Qxg3 42. Qxf6 Qxe3+ 43. Kf1 Qh6 44. Qxe5 e3 45. Qxg7+ 1-0

[Event "Chip 2004 Open Fide"]
[Site "?"]
[Date "????.??.??"]
[Round "6"]
[White "Peyrat, O."]
[Black "Simon, O."]
[Result "1/2-1/2"]
[WhiteElo "2272"]
[BlackElo "2303"]
[PlyCount "154"]
[SourceDate "2004.07.04"]

1. c4 Nf6 2. g3 g6 3. Bg2 d6 4. b4 Bg7 5. Bb2 O-O 6. Nc3 e5 7. d3 Nc6 8. b5 Ne7
9. Nf3 h6 10. O-O Be6 11. Nd2 Qc8 12. Qc2 Bh3 13. e4 Bxg2 14. Kxg2 Nh5 15. Nd5
Qd7 16. a4 f5 17. f3 Rf7 18. Nb3 c5 19. bxc6 bxc6 20. Nxe7+ Rxe7 21. Ba3 Rf8
22. Rab1 c5 23. Na5 Qc8 24. Nb3 Ref7 25. Bc1 Nf6 26. Bd2 Nh7 27. Nc1 h5 28. Ne2
h4 29. Ng1 hxg3 30. hxg3 f4 31. g4 Bf6 32. Kf2 Bh4+ 33. Ke2 Ng5 34. Kd1 Ne6 35.
Bc3 Rh7 36. Qb3 Bg3 37. Kc1 Rh1 38. Qd1 Qc6 39. Kb2 Bh2 40. Ka3 Bxg1 41. Rxg1
Rxg1 42. Qxg1 Ng5 43. Qg2 Kg7 44. Rh1 Rb8 45. Rf1 Qb6 46. Qc2 Ne6 47. Ka2 Nd4
48. Qd1 Ne2 49. Qc2 Nd4 50. Qd1 Nc6 51. Rf2 Nb4+ 52. Ka1 Rh8 53. Rb2 a5 54. Rb1
Qc6 55. Rb2 Qe8 56. Rf2 Rh3 57. Kb2 Qe7 58. Ka3 Qh4 59. Qd2 Qg3 60. Kb3 Rh1 61.
Bxb4 Rb1+ 62. Ka2 Rxb4 63. Rf1 Rxa4+ 64. Kb3 Rb4+ 65. Kc3 Qh4 66. Ra1 Qd8 67.
Kc2 Qb6 68. Ra2 a4 69. Qc3 Rb3 70. Qa1 Qb4 71. Rxa4 Rb2+ 72. Qxb2 Qxa4+ 73. Kd2
Kf6 74. Qb6 Qa2+ 75. Kc3 Qa3+ 76. Kd2 Qa2+ 77. Kc3 Qa3+ 1/2-1/2

[Event "Chip 2004 Open Fide"]
[Site "?"]
[Date "????.??.??"]
[Round "6"]
[White "Gollain"]
[Black "Chomet, P."]
[Result "1-0"]
[WhiteElo "2177"]
[BlackElo "2370"]
[PlyCount "157"]
[SourceDate "2004.07.04"]

1. e4 e5 2. Nf3 Nc6 3. Bb5 a6 4. Ba4 Nf6 5. O-O Be7 6. Re1 b5 7. Bb3 d6 8. c3
O-O 9. d4 Bg4 10. h3 Bxf3 11. Qxf3 exd4 12. Qg3 dxc3 13. Nxc3 Nd4 14. Bh6 Ne8
15. Rad1 Nxb3 16. axb3 Kh8 17. Bc1 c6 18. Ne2 Qc8 19. Nd4 Bf6 20. Bf4 c5 21.
Nf5 Bxb2 22. Re2 Be5 23. Bxe5 dxe5 24. Red2 Qc6 25. Qxe5 Qe6 26. Qxc5 Nf6 27.
f3 Rac8 28. Qe3 Qe5 29. Rd6 a5 30. Qg5 Ne8 31. R6d5 Qb2 32. Rd8 Rxd8 33. Rxd8
Qa1+ 34. Kh2 Qe5+ 35. f4 h6 36. Qxh6+ gxh6 37. fxe5 Kh7 38. Ra8 a4 39. bxa4
bxa4 40. Rxa4 Nc7 41. Ra7 Ne6 42. Nd6 Kg6 43. Ra3 Nc5 44. Rg3+ Kh7 45. Rf3 Kg7
46. Rf6 Nd7 47. Nf5+ Kg8 48. Nxh6+ Kg7 49. Nf5+ Kg8 50. Ne7+ Kg7 51. Rf5 Re8
52. Nc6 Re6 53. Nd4 Rxe5 54. Rxe5 Nxe5 55. Kg3 Kf6 56. Kf4 Nd3+ 57. Ke3 Ne1 58.
g4 Ng2+ 59. Kf3 Ne1+ 60. Kf4 Nd3+ 61. Ke3 Ne1 62. e5+ Kg6 63. Nf3 Nc2+ 64. Ke4
Nb4 65. h4 Nc6 66. Kd5 Nb4+ 67. Kd6 Nd3 68. Ke7 Nf4 69. h5+ Kg7 70. Nh4 Nd5+
71. Ke8 Nc7+ 72. Kd7 Nd5 73. Nf5+ Kf8 74. h6 Nf4 75. Kd6 Kg8 76. Ke7 Nd5+ 77.
Ke8 Nc7+ 78. Kd7 Nd5 79. Ne7+ 1-0

[Event "Chip 2004 Open Fide"]
[Site "?"]
[Date "????.??.??"]
[Round "6"]
[White "Romanishin, O."]
[Black "Douriet, A."]
[Result "1-0"]
[WhiteElo "2541"]
[BlackElo "2277"]
[PlyCount "71"]
[SourceDate "2004.07.04"]

1. d4 Nf6 2. Nf3 g6 3. g3 Bg7 4. Bg2 O-O 5. c4 d6 6. O-O c6 7. Nc3 Qa5 8. h3
Qa6 9. b3 b5 10. Nd2 bxc4 11. Nxc4 Be6 12. Ne3 Nbd7 13. Bb2 Rac8 14. Re1 Nb6
15. Nc2 c5 16. e4 Rfd8 17. d5 Bd7 18. Qd2 Rc7 19. Kh2 h5 20. Rab1 Kh7 21. Bf1
Qc8 22. Ne3 Bh6 23. Qe2 h4 24. g4 Bf4+ 25. Kh1 Be5 26. Ng2 c4 27. b4 e6 28. f4
Bd4 29. Nxh4 exd5 30. Qd2 Bxg4 31. Qxd4 Nh5 32. f5 Rh8 33. hxg4 Qd8 34. Nf3 Nf4
35. Nxd5 c3 36. Nf6+ 1-0

[Event "Chip 2004 Open Fide"]
[Site "?"]
[Date "????.??.??"]
[Round "6"]
[White "Sohier, J."]
[Black "Khairallah, F."]
[Result "1-0"]
[WhiteElo "2174"]
[BlackElo "2283"]
[PlyCount "93"]
[SourceDate "2004.07.04"]

1. e4 c5 2. Nf3 Nc6 3. d4 cxd4 4. Nxd4 e5 5. Nb5 d6 6. c4 Be7 7. N1c3 a6 8. Na3
f5 9. Bd3 f4 10. g3 fxg3 11. hxg3 Nf6 12. Be2 O-O 13. Be3 Qe8 14. Nd5 Qg6 15.
Nxe7+ Nxe7 16. Qxd6 Qxe4 17. O-O-O Nf5 18. Qb6 Nxe3 19. fxe3 Qg2 20. Bd3 e4 21.
Rhg1 Qh2 22. Bc2 Bg4 23. Rh1 Qxg3 24. Rdg1 Qe5 25. Bb3 Kh8 26. Nc2 a5 27. Nd4
Rfc8 28. a3 a4 29. Ba2 Qc7 30. Qb4 Qc5 31. Qxb7 Rab8 32. Qa6 Be2 33. Rxg7 Qb6
34. Qxb6 Rxb6 35. Re7 Bd3 36. Rh6 Rg8 37. Rexh7+ Nxh7 38. Rxb6 Rg1+ 39. Kd2 Ra1
40. c5 Rxa2 41. c6 Bf1 42. c7 Bh3 43. Nc2 Kg7 44. Kc1 Nf6 45. Kb1 Nd5 46. Rb5
Nxc7 47. Rb7 1-0

[Event "Chip 2004 Open Fide"]
[Site "?"]
[Date "????.??.??"]
[Round "6"]
[White "Bagheri, A."]
[Black "Kveinys, A."]
[Result "1-0"]
[WhiteElo "2491"]
[BlackElo "2565"]
[PlyCount "133"]
[SourceDate "2004.07.04"]

1. d4 Nf6 2. Nf3 e6 3. Bg5 h6 4. Bh4 d6 5. c4 g5 6. Bg3 Nh5 7. Nc3 Bg7 8. e3
Nd7 9. Be2 a6 10. Qc2 Qe7 11. O-O O-O 12. d5 Nxg3 13. hxg3 c5 14. Rad1 Nf6 15.
dxe6 Bxe6 16. Rd2 Rad8 17. Rfd1 Rfe8 18. Nh2 h5 19. b3 Kf8 20. Bf3 g4 21. Nd5
Bxd5 22. Bxd5 Qd7 23. Nf1 Re7 24. f4 gxf3 25. gxf3 Rde8 26. Re2 Re5 27. f4 R5e7
28. Bf3 h4 29. gxh4 Qh3 30. Rf2 Rxe3 31. Bg2 Qxh4 32. Nxe3 Rxe3 33. Qd2 Re6 34.
f5 Bh6 35. fxe6 Bxd2 36. Rdxd2 fxe6 37. Rxf6+ Ke7 38. Rdf2 Qg4 39. R6f4 Qd1+
40. Rf1 Qd2 41. Rf7+ Kd8 42. R1f2 Qd1+ 43. Kh2 Qh5+ 44. Bh3 Qe5+ 45. Kg2 Qg5+
46. Kh1 Qh5 47. R2f3 Kc8 48. Rf8+ Kc7 49. Kg2 Kb6 50. Rg8 Qh6 51. Rgg3 Qd2+ 52.
Rf2 Qe1 53. Bg4 e5 54. Re2 Qb1 55. Bf3 Ka5 56. Bxb7 Kb4 57. Bxa6 Qd1 58. Rge3
Qb1 59. Re4 Qc1 60. Bc8 Qg5+ 61. Bg4 Ka3 62. Kf1 Kb4 63. Bf3 Qg3 64. R4e3 Qg5
65. Bd5 Qh4 66. a3+ Ka5 67. Be4 1-0

[Event "Chip 2004 Open Fide"]
[Site "?"]
[Date "????.??.??"]
[Round "6"]
[White "Borzakian, M."]
[Black "Fayard, A."]
[Result "1-0"]
[WhiteElo "2200"]
[BlackElo "2253"]
[PlyCount "107"]
[SourceDate "2004.07.04"]

1. e4 e5 2. Nf3 Nc6 3. Bb5 a6 4. Ba4 Nf6 5. O-O Be7 6. Re1 b5 7. Bb3 d6 8. c3
O-O 9. h3 Na5 10. Bc2 c5 11. d4 Nd7 12. b3 exd4 13. cxd4 Nc6 14. Nc3 Nb6 15.
dxc5 dxc5 16. e5 Be6 17. Qe2 g6 18. Bh6 Re8 19. Ne4 Nd4 20. Nxd4 cxd4 21. Qd2
Ra7 22. Bg5 Bxg5 23. Nxg5 Bd5 24. Qf4 h6 25. Ne4 Bxe4 26. Bxe4 Qg5 27. Qxg5
hxg5 28. Bf3 Rae7 29. Rad1 Rxe5 30. Rxe5 Rxe5 31. Rxd4 Re6 32. Bb7 a5 33. b4 a4
34. Ba6 Re1+ 35. Kh2 Re5 36. Rd8+ Kg7 37. Rb8 Re6 38. Bxb5 a3 39. Rb7 Kf6 40.
Ra7 Re5 41. Bd3 Rd5 42. Bf1 Rd1 43. Bb5 Rd5 44. Be8 Nc8 45. Rxa3 Nd6 46. Bc6
Rd4 47. Rb3 Rd2 48. Rf3+ Ke7 49. a4 Kd8 50. Rb3 Kc7 51. b5 Ra2 52. Rb4 Kb6 53.
Rd4 Kc5 54. Rd5+ 1-0

[Event "Chip 2004 Open Fide"]
[Site "?"]
[Date "????.??.??"]
[Round "6"]
[White "Agababean, N."]
[Black "Payen, A."]
[Result "0-1"]
[WhiteElo "2189"]
[BlackElo "2400"]
[PlyCount "90"]
[SourceDate "2004.07.04"]

1. d4 e6 2. Nf3 c5 3. e3 Nf6 4. Bd3 b6 5. O-O Bb7 6. c4 Be7 7. Nc3 cxd4 8. exd4
d5 9. cxd5 Nxd5 10. Ne5 O-O 11. a3 Nd7 12. Re1 Nxe5 13. Rxe5 Bf6 14. Rh5 g6 15.
Qg4 Bg7 16. Rh4 Nxc3 17. bxc3 e5 18. Qh3 Qc8 19. Rxh7 Qxh3 20. Rxh3 exd4 21.
cxd4 Bxd4 22. Rb1 Rfe8 23. Bg5 Rac8 24. Rh4 Bg7 25. Bb5 Re5 26. Be3 Be4 27. Rb4
Bd5 28. a4 Rc2 29. Bf1 Ra2 30. Rb1 Bc6 31. Bb5 Bxb5 32. axb5 Rxb5 33. Rc1 Ra1
34. Rxa1 Bxa1 35. g3 a5 36. Rc4 Rb1+ 37. Kg2 b5 38. Rc8+ Kg7 39. g4 a4 40. g5
a3 41. Ra8 b4 42. Bc5 Bc3 43. Bf8+ Kh7 44. Bc5 Rb2 45. Kf3 a2 0-1

[Event "Chip 2004 Open Fide"]
[Site "?"]
[Date "????.??.??"]
[Round "6"]
[White "Derieux, C."]
[Black "Maisuradze, N."]
[Result "1-0"]
[WhiteElo "2186"]
[BlackElo "2277"]
[PlyCount "49"]
[SourceDate "2004.07.04"]

1. d4 e6 2. c4 b6 3. Nc3 Bb7 4. e4 Bb4 5. f3 Bxc3+ 6. bxc3 Ne7 7. Bd3 O-O 8.
Nh3 d6 9. O-O e5 10. f4 exd4 11. Qh5 Nbc6 12. Ng5 h6 13. f5 hxg5 14. f6 Ng6 15.
Bxg5 Re8 16. fxg7 Re5 17. Rf5 f6 18. Raf1 Rxf5 19. Rxf5 fxg5 20. Qxg6 Ne5 21.
Qh6 Nf7 22. Qh5 Qe8 23. Rxf7 Qe5 24. Rf8+ Kxg7 25. Rf7+ 1-0

[Event "Chip 2004 Open Fide"]
[Site "?"]
[Date "????.??.??"]
[Round "6"]
[White "Sanchez, J."]
[Black "Templier, N."]
[Result "0-1"]
[WhiteElo "2453"]
[BlackElo "2274"]
[PlyCount "102"]
[SourceDate "2004.07.04"]

1. e4 c5 2. Nf3 d6 3. d4 cxd4 4. Nxd4 Nf6 5. Nc3 Nc6 6. Be3 e6 7. Qd2 Be7 8. f3
O-O 9. O-O-O d5 10. Nb3 dxe4 11. Qe1 Qc7 12. fxe4 Bb4 13. a3 Bxc3 14. Qxc3 Nxe4
15. Qc4 Qe5 16. Bd3 Nd6 17. Qc5 Nf5 18. Bf2 Qf4+ 19. Kb1 e5 20. g3 Qg5 21. Be4
Nfe7 22. Qb5 Bf5 23. Bxf5 Qxf5 24. Rhf1 Rfd8 25. Rxd8+ Rxd8 26. Bb6 Rd5 27. Qe2
Qe6 28. c4 Qg6+ 29. Ka2 Rd6 30. Bc7 Qd3 31. Re1 Qxe2 32. Rxe2 Rh6 33. Rd2 f5
34. Nc5 b6 35. Nd7 Re6 36. c5 b5 37. a4 bxa4 38. Ka3 g5 39. Kxa4 f4 40. gxf4
gxf4 41. Re2 f3 42. Re3 Nd5 43. Rxf3 Nxc7 44. Nf6+ Kg7 45. Ne4 Nd5 46. Rg3+ Rg6
47. Rd3 Ncb4 48. Rd2 Rg4 49. Nd6 Nc6+ 50. Ka3 Nde7 51. Rf2 Rf4 0-1

[Event "Chip 2004 Open Fide"]
[Site "?"]
[Date "????.??.??"]
[Round "6"]
[White "Dudognon"]
[Black "De Pierrefeu, T."]
[Result "0-1"]
[WhiteElo "2235"]
[BlackElo "2198"]
[PlyCount "66"]
[SourceDate "2004.07.04"]

1. d4 Nf6 2. c4 c5 3. d5 b5 4. cxb5 a6 5. b6 Qxb6 6. Nc3 d6 7. e4 g6 8. a4 Bg7
9. a5 Qc7 10. Nf3 O-O 11. Be2 Nbd7 12. h3 Rb8 13. O-O Rb4 14. Qc2 Re8 15. Rd1
e6 16. Bf1 exd5 17. exd5 Ne5 18. Nxe5 Rxe5 19. Bd2 Bf5 20. Qc1 Qc8 21. Na4 Rd4
22. Nb6 Qb7 23. Bf4 Ree4 24. Rxd4 cxd4 25. Bg3 Nxd5 26. Nxd5 Qxd5 27. Bxa6 d3
28. f3 Re2 29. Qc7 Bxb2 30. Rd1 Bxh3 31. Qd8+ Kg7 32. Bxd6 Bd4+ 33. Kh2 Rxg2+
0-1

[Event "Chip 2004 Open Fide"]
[Site "?"]
[Date "????.??.??"]
[Round "6"]
[White "Golubev, M."]
[Black "David, A."]
[Result "1/2-1/2"]
[WhiteElo "2530"]
[BlackElo "2574"]
[PlyCount "58"]
[SourceDate "2004.07.04"]

1. e4 e5 2. Nf3 Nc6 3. Bb5 a6 4. Ba4 Nf6 5. O-O Be7 6. Re1 b5 7. Bb3 O-O 8. h3
d6 9. c3 Na5 10. Bc2 c5 11. d4 Nd7 12. b3 cxd4 13. cxd4 Nc6 14. Nc3 exd4 15.
Nd5 Nde5 16. Nxd4 Nxd4 17. Qxd4 Bxh3 18. Bb2 Bf6 19. Kh1 Rc8 20. Re2 Bg4 21. f3
Bh5 22. Nxf6+ Qxf6 23. Rf1 Qh4+ 24. Kg1 Qg3 25. Ref2 f6 26. Bd1 Bf7 27. f4 Ng4
28. Bxg4 Qxg4 29. Qxd6 Qe6 1/2-1/2

[Event "Chip 2004 Open Fide"]
[Site "?"]
[Date "????.??.??"]
[Round "6"]
[White "Calistri, T."]
[Black "Callet, E."]
[Result "1-0"]
[WhiteElo "2332"]
[BlackElo "2204"]
[PlyCount "62"]
[SourceDate "2004.07.04"]

1. e4 c6 2. d4 d5 3. Nc3 dxe4 4. Nxe4 Nf6 5. Nxf6+ gxf6 6. c3 Bf5 7. Nf3 e6 8.
g3 Bd6 9. Bg2 Nd7 10. O-O Qc7 11. Nh4 Bg6 12. Be3 f5 13. Bg5 Nb6 14. a4 a5 15.
Qb3 Nd5 16. c4 Nb4 17. d5 e5 18. f4 e4 19. Qc3 O-O 20. Bh6 Bc5+ 21. Kh1 f6 22.
Bxf8 Rxf8 23. dxc6 Qxc6 24. Rad1 Qe6 25. g4 e3 26. Rfe1 fxg4 27. f5 Bxf5 28.
Rd5 Nxd5 29. cxd5 Qc8 30. Nxf5 Qxf5 31. Qxc5 e2 1-0